Schaum's Outline of Fluid Mechanics (Record no. 5957)

000 -LEADER
fixed length control field 01005cam a2200325 4500
003 - CONTROL NUMBER IDENTIFIER
control field CaAEU
005 - DATE AND TIME OF LATEST TRANSACTION
control field 20221117093353.0
008 - FIXED-LENGTH DATA ELEMENTS--GENERAL INFORMATION
fixed length control field 201125s2020 nyu o 000 0 eng d
020 ## - INTERNATIONAL STANDARD BOOK NUMBER
International Standard Book Number 1260462854
020 ## - INTERNATIONAL STANDARD BOOK NUMBER
International Standard Book Number 9781260462852
039 ## - LEVEL OF BIBLIOGRAPHIC CONTROL AND CODING DETAIL [OBSOLETE]
Level of rules in bibliographic description exclude
040 ## - CATALOGING SOURCE
Transcribing agency YDX
050 #4 - LIBRARY OF CONGRESS CALL NUMBER
Classification number TA357.3
Item number .P68 2020
090 ## - LOCALLY ASSIGNED LC-TYPE CALL NUMBER (OCLC); LOCAL CALL NUMBER (RLIN)
Classification number (OCLC) (R) ; Classification number, CALL (RLIN) (NR) Internet Access
Local cutter number (OCLC) ; Book number/undivided call number, CALL (RLIN) AEU
100 1# - MAIN ENTRY--PERSONAL NAME
Personal name Potter, Merle C.
245 10 - TITLE STATEMENT
Title Schaum's Outline of Fluid Mechanics
250 ## - EDITION STATEMENT
Edition statement 2nd ed.
260 ## - PUBLICATION, DISTRIBUTION, ETC.
Place of publication, distribution, etc. New York
Name of publisher, distributor, etc. McGraw Hill Education
Date of publication, distribution, etc. 2020.
300 ## - PHYSICAL DESCRIPTION
Extent 1 online resource
336 ## - CONTENT TYPE
Content type term text
Content type code txt
Source rdacontent
337 ## - MEDIA TYPE
Media type term computer
Media type code c
Source rdamedia
338 ## - CARRIER TYPE
Carrier type term online resource
Carrier type code cr
Source rdacarrier
506 ## - RESTRICTIONS ON ACCESS NOTE
Terms governing access Access restricted to authorized users and institutions.
650 #0 - SUBJECT ADDED ENTRY--TOPICAL TERM
Topical term or geographic name entry element Fluid mechanics.
650 #7 - SUBJECT ADDED ENTRY--TOPICAL TERM
Topical term or geographic name entry element Fluid mechanics.
Source of heading or term fast
Authority record control number or standard number (OCoLC)fst00927999
700 1# - ADDED ENTRY--PERSONAL NAME
Personal name Wiggert, D. C.
856 40 - ELECTRONIC LOCATION AND ACCESS
Uniform Resource Identifier http://172.30.46.200/cgi-bin/koha/opac-retrieve-file.pl?id=5538e17aec709abc8f861d8c4b303153
942 ## - ADDED ENTRY ELEMENTS (KOHA)
Source of classification or shelving scheme
Koha item type e-book
Suppress in OPAC MW
949 ## - LOCAL PROCESSING INFORMATION (OCLC)
h UAIN
z DEL
Holdings
Withdrawn status Lost status Source of classification or shelving scheme Damaged status Not for loan Permanent Location Current Location Shelving location Date acquired Total Checkouts Full call number Date last seen Price effective from Koha item type Public note
          AU LIBRARY AU LIBRARY Virtual Library 17.11.2022   TA357.3 .P68 2020 17.11.2022 17.11.2022 e-book MW

Powered by Koha